[Event "BEL-ch U14"]
[Site "Blankenberge"]
[Date "2014.04.14"]
[Round "2"]
[White "Moerman, Thomas"]
[Black "Schautteet, Olivier"]
[Result "1-0"]
[WhiteElo "1641"]
[BlackElo "1382"]
[PlyCount "65"]
[EventDate "2014.04.??"]
[EventType "swiss"]
[EventRounds "9"]
[EventCountry "BEL"]
[SourceTitle "EXT 2015"]
[Source "ChessBase"]
[SourceDate "2014.11.20"]
[SourceVersion "1"]
[SourceVersionDate "2014.11.20"]
[SourceQuality "1"]

1. Nf3 Nc6 2. d4 d6 3. g3 e5 4. Bg2 Bf5 5. c4 Bxb1 6. Rxb1 exd4 7. Nxd4 Nf6 8. Nxc6 bxc6 9. Bxc6+ Nd7 10. Bxa8 Qxa8 11. 0-0 Qe4 12. Qd3 Qxd3 13. exd3 Be7 14. Re1 Nc5 15. d4 Nd3 16. Re3 Nxc1 17. Rxc1 Kd8 18. Ra3 d5 19. Rxa7 dxc4 20. Ra8+ Kd7 21. Rxh8 h6 22. Rxc4 Bf6 23. Ra8 g5 24. Ra7 Bd8 25. Kg2 f5 26. Ra6 h5 27. Rc5 f4 28. gxf4 gxf4 29. Rxh5 c5 30. Rh7+ Ke8 31. Raa7 f3+ 32. Kxf3 Bb6 33. Rh8# 1-0